L'Allemagne de A à Z - Statistiques

Statistiques générales
  • Ce quiz a été pris 10 177 fois
  • Le résultat moyen est 16 sur 26
Statistiques - réponses
Lettre Indice Réponse % Correct
J Peuple massivement exterminé par l'Allemagne nazie pendant la Seconde Guerre mondiale Juifs
91%
D Nom de l'Allemagne en allemand Deutschland
90%
A Réseau d'autoroutes où la vitesse n'est pas toujours limitée Autobahn
88%
N Ville de Bavière, un célèbre procès porte son nom Nuremberg
86%
H Ville qui abrite le plus grand port du pays Hambourg
85%
M Philosophe, économiste et sociologue qui a théorisé le communisme Karl Marx
83%
T Principal pays d'origine de la population étrangère en Allemagne Turquie
82%
P Constructeur de voitures de sport basé à Stuttgart Porsche
80%
G Auteurs des contes de "Blanche-Neige", "Raiponce" et "Hansel et Gretel" Frères Grimm
75%
F Physicien qui a donné son nom à une unité de mesure utilisée aux États-Unis et au Liberia Gabriel Fahrenheit
70%
L Principale compagnie aérienne basée à Cologne Lufthansa
69%
V Plus grande entreprise allemande classée 17e au rang mondial en 2021 Volkswagen AG
68%
K Philosophe prussien du 18ème siècle, fondateur du criticisme Emmanuel Kant
65%
B Compositeur baroque connu pour son "Air sur la corde de sol" et "Le Clavier bien tempéré" Jean-Sébastien Bach
64%
Y Technique de chant pratiquée en Bavière Yodel
57%
Z Type de dirigeable allemand qui prend son envol pour la première fois en 1900 Zeppelin
55%
O Footballeur qui remporte la Coupe du Monde avec la Mannschaft en 2014, il a été désigné meilleur passeur dans trois championnats différents Mesut Özil
54%
W Saucisse en allemand, elle peut accompagner du chou, des bretzels ou être assaisonnée avec du curry Wurst
54%
R Plus grande aire urbaine d'Allemagne, elle comprend les villes de Duisbourg, Essen et Dortmund La Ruhr
48%
X Découverts par le physicien Wilhelm Röntgen en 1895 (la réponse attendue ne commence pas par "X") Rayons X
47%
E Troisième plus long fleuve d'Allemagne qui prend sa source en Tchéquie Elbe
41%
C Ensemble de lacs qui marquent en partie la frontière avec la Suisse et l'Autriche Lac de {Constance}
38%
I Ce que sont "Rügen", "Usedom" ou "Fehmarn" pour l'Allemagne Îles
37%
S Land situé à l'Est du pays, sa capitale est Dresde Saxe
36%
U Ville située au sud du pays dans laquelle on trouve une cathédrale de 161,53 m Ulm
35%
Q Type de fromage blanc très consommé en Allemagne, il peut être utilisé dans la recette du Käsekuchen Quark
9%
Aucun quiz correspondant
Distribution des résultats
% des personnes avec chaque résultat
Percentile par nombre de réponses
Votre historique - résultats
Vous n’avez pas pris ce quiz